Score 0/15 Timer 02:00
1 Play Today
Clue 5-letter Word % Correct
44th US PresidentOBAMA
97.6%
45th US PresidentTRUMP
92.9%
Your daddy's daddy, for shortGRAMP
88.7%
Not the cheerful oneGRUMP
87.7%
Studies at the last minuteCRAMS
86.7%
Group of pupilsCLASS
86.6%
Lawn plantGRASS
85.6%
See-through silicon dioxide panesGLASS
84.7%
Clue 5-letter Word % Correct
Get the meaning ofGRASP
84.1%
Brooch fastenerCLASP
83.1%
Edible marine bivalvesCLAMS
81.7%
Woodworking deviceCLAMP
79.6%
Theatre school studyDRAMA
76.3%
Ending for a big event's nameO-RAMA
71.4%
Units of mass for apothecaries DRAMS
70.5%

Today's Daily Dose

Remove Ads.
Support Sporcle.
Get the best of Sporcle when you Go Orange. This ad-free experience offers more features, more stats, and more fun while also helping to support Sporcle. Thank you for becoming a member.

You're not logged in!

Compare scores with friends on all Sporcle quizzes.
OR
Log In

Show Comments

Extras

Top Quizzes Today


Score Distribution

Your Account Isn't Verified!

In order to create a playlist on Sporcle, you need to verify the email address you used during registration. Go to your Sporcle Settings to finish the process.

Report this User

Report this user for behavior that violates our Community Guidelines.

Details: